Les plus gros transferts du football - Nés en 1990 - Statistiques

Statistiques générales
  • Ce quiz a été pris 74 fois
  • Le résultat moyen est 6 sur 10
Statistiques - réponses
Montant de transfert (M €) Saison Nationalité Venant de Allant à Joueur % Correct
60,00 2020-2021 Bosnie-Herzégovine Juventus Turin Barcelone Miralem Pjanic
97%
32,00 2016-2017 Bosnie-Herzégovine AS Roma Juventus Turin Miralem Pjanic
97%
40,00 2019-2020 France FC Sevilla AS Monaco Wissam Ben Yedder
79%
52,70 2017-2018 Angleterre Tottenham Manchester City Kyle Walker
78%
40,00 2018-2019 Brésil Bayern Munich Juventus Turin Douglas Costa
65%
46,50 2015-2016 Belgique Aston Villa Liverpool Christian Benteke
49%
37,90 2017-2018 Angleterre Leicester City Chelsea Danny Drinkwater
43%
32,00 2014-2015 Allemagne Chelsea VfL Wolfsburg André Schürrle
32%
32,00 2013-2014 Espagne Real Sociedad Real Madrid Asier Illarramendi
28%
50,00 2015-2016 Brésil Shakhtar D. JS Suning Alex Teixeira
6%
Aucun quiz correspondant
Distribution des résultats
% des personnes avec chaque résultat
Percentile par nombre de réponses
Votre historique - résultats
Vous n’avez pas pris ce quiz